| Tag |
First Indicator |
Second Indicator |
Subfields |
| LEADER |
00000cam a2200000 i 4500 |
| 001 |
in00004064921 |
| 005 |
20200815063104.0 |
| 008 |
181005t20192019gw ab b 001 0 eng d |
| 020 |
|
|
|a 9783869226910
|
| 020 |
|
|
|a 3869226919
|
| 035 |
|
|
|a (OCoLC)on1056198837
|
| 040 |
|
|
|a ERASA
|e rda
|c ERASA
|d CDX
|d UAB
|d TXA
|d UtOrBLW
|
| 041 |
1 |
|
|a eng
|h ger
|
| 043 |
|
|
|a n-us-ga
|
| 049 |
|
|
|a TXAM
|
| 082 |
0 |
|
|a 738.52
|2 23
|
| 090 |
|
|
|a NA3850.G4
|b P3513 2019
|
| 100 |
1 |
|
|a Pʻalavandišvili, Nini,
|d 1976-
|e author.
|
| 240 |
1 |
0 |
|a Baubezogene Kunst, Georgien.
|l English
|
| 245 |
1 |
0 |
|a Art for architecture, Georgia :
|b Soviet modernist mosaics from 1960 to 1990 /
|c Nini Palavandishvili and Lena Prents.
|
| 264 |
|
1 |
|a Berlin :
|b DOM Publishers,
|c [2019]
|
| 264 |
|
4 |
|c ©2019
|
| 300 |
|
|
|a 279 pages :
|b color illustrations, color maps ;
|c 25 cm.
|
| 336 |
|
|
|a text
|b txt
|2 rdacontent
|
| 336 |
|
|
|a still image
|b sti
|2 rdacontent
|
| 336 |
|
|
|a cartographic image
|b cri
|2 rdacontent
|
| 337 |
|
|
|a unmediated
|b n
|2 rdamedia
|
| 338 |
|
|
|a volume
|b nc
|2 rdacarrier
|
| 546 |
|
|
|a Translated from the German.
|
| 504 |
|
|
|a Includes bibliographical references and indexes.
|
| 520 |
|
|
|a While Soviet modernist buildings in Georgia have enjoyed worldwide recognition for several decades, the art for architecture from that era, monumental decorative mosaics, still await discovery and appreciation from an international audience. Then, as now, these richly colored mosaics were an independent, yet inextricable part of Georgia's architecture. They underlined a building's use, structured its façade or merged into an elaborate whole. Today, however, many of these works, which were far more than just state propaganda, are under threat of destruction. For the first time, this volume documents these unique remnants of Soviet history alongside their precise locations. Using vivid photos and detailed texts, Nini Palavandishvili and Lena Prents guide the reader through a diverse selection of mosaics that distinguish themselves from those of the other Soviet Republics. By drawing attention to this artistic legacy of a bygone era, and in the process revealing its beauty and cultural significance, the authors highlight the importance of protecting and preserving it for the future.
|
| 650 |
|
0 |
|a Mosaics
|z Georgia
|y 20th century.
|
| 650 |
|
0 |
|a Architecture
|z Georgia
|y 20th century.
|
| 700 |
1 |
|
|a Prents, Lena,
|e author.
|
| 945 |
|
|
|a PromptCat
|
| 948 |
|
|
|a cataloged
|b h
|c 2019/5/17
|d c
|e dmitchel
|f 3:44:28 pm
|
| 994 |
|
|
|a C0
|b TXA
|
| 999 |
f |
f |
|s 8ed4d1a5-7c6a-3c25-81f4-f62e1a9ca448
|i d81cb535-e536-3e70-833d-6280986bec60
|t 0
|
| 952 |
f |
f |
|p normal
|a Texas A&M University
|b College Station
|c Sterling C. Evans Library
|d Evans: Library Stacks
|t 0
|e NA3850.G4 P3513 2019
|h Library of Congress classification
|i unmediated -- volume
|m A14850850331
|
| 998 |
f |
f |
|a NA3850.G4 P3513 2019
|t 0
|l Evans: Library Stacks
|